000 00366nam a2200145Ia 4500
008 230917s9999||||xx |||||||||||||| ||und||
040 _e158442
_aMAIN
041 _aEnglish
082 _a363.728 R137M
100 _aRakesh Kumar
245 0 _aMunicipal water and waste water treatment
260 _aNew Delhi
_bTeri Press
_c2009
300 _a266 p.
942 _cBK
999 _c155289
_d155289